Logo BPK

Bibliografia Prac Pracowników

Politechniki Koszalińskiej

Virtual practical work on physics for the students of computer sciences / (Rekord nr 58)

Szczegóły MARC
000 -ETYKIETA REKORDU
podpole kontrolne o stałej długości 01561nab a2200205 i 4500
001 - NUMER KONTROLNY REKORDU
podpole kontrolne BPP
003 - IDENTYFIKATOR NUMERU KONTROLNEGO REKORDU
podpole kontrolne BPK
005 - DATA OSTATNIEJ MODYFIKACJI REKORDU
podpole kontrolne 20191005121919.0
008 - POLE O STAŁEJ DŁUGOŚCI - DANE KONTROLNE
podpole kontrolne o stałej długości 140703s2002 pl f |000 0 eng
040 ## - ŹRÓDŁO KATALOGOWANIA
Instytucja, która utworzyła rekord BPK
041 ## - KOD JĘZYKA
Kod języka tekstu eng
100 ## - NAZWA OSOBOWA
Nazwa osobowa Patryn, Aleksy
Określenie rodzaju współpracy Autor
Lata pracy 1996 - .
Instytucja Politechnika Koszalińska - Wydział Elektroniki i Informatyki,
Wydział Katedra Podstaw Elektroniki
245 ## - TYTUŁ/ODPOWIEDZIALNOŚĆ
Tytuł Virtual practical work on physics for the students of computer sciences /
Pozostałe elementy strefy tytułu i oznaczenia odpowiedzialności Aleksy Patrin, Walery Suslow.
260 ## - STREFA ADRESU WYDAWNICZEGO
Data publikacji, dystrybucji/powstania dokumentu 2002.
500 ## - UWAGI OGÓLNE
Tekst uwagi Dane z Informatora o publikowanych wynikach prac naukowo-badawczych w 2002 roku Wydziału Elektroniki.
520 ## - UWAGA DOTYCZĄCA TREŚCI DOKUMENTU
Analiza dokumentacyjna, adnotacja itp. The problem of practical realisation of the simulation laboratory works within base disciplines at the technical university is discussed. The question is considered in a wide context, including features of physics computerisation as an educational discipline, basic directions of educational process computerisation related to physics, the necessity of physics studies for computer-science students, practical work modelling, a virtual physics laboratory, a computer physical experiment as well as such adjacent questions, as the electronic tutorial in physics and computer testing of knowledge in the field of physics.
700 ## - HASŁO DODATKOWE - NAZWA OSOBOWA
Nazwa osobowa SUSŁOW, Walery.
Lata pracy 2000 - .
Instytucja Politechnika Koszalińska - Wydział Elektroniki,
Wydział Katedra Podstaw Elektroniki
773 ## - TYTUŁ DOKUMENTU MACIERZYSTEGO
Adres wydawniczy Dresden 2002. -
Informacje dotyczące relacji s. 219-227
Wyrażenie wprowadzające W :
Tytuł Proc. of the 5th International Conference on Electronic Packaging Education and Training, March 20th-21st. -
942 ## - HASŁO DODATKOWE - ELEMENTY(KOHA)
Typ dokumentu Artykuł
Schemat klasyfikacji Uniwersalna klasyfikacja dziesiętna

Brak dostępnych egzemplarzy.

© 2014 Biblioteka Politechniki Koszalińskiej :: BIBLIOGRAFIA PRAC PRACOWNIKÓW